| 000 -LEADER |
| fixed length control field |
01014cam a2200205 a 4500 |
| 020 ## - INTERNATIONAL STANDARD BOOK NUMBER |
| ISBN |
9799553709 |
| 040 ## - CATALOGING SOURCE |
| Transcribing agency |
MNP |
| 082 ## - DEWEY DECIMAL CLASSIFICATION NUMBER |
| Classification number |
605 INT 1999 A036 Or. |
| 100 1# - MAIN ENTRY--AUTHOR NAME |
| Personal name |
Friday, Kathleen S. |
| 245 10 - TITLE STATEMENT |
| Title |
Imperata grassland rehabilitation using agroforestry and assisted natural regeneration / |
| 260 ## - PUBLICATION, DISTRIBUTION, ETC. (IMPRINT) |
| Place of publication |
Bogor, Indonesia : |
| Name of publisher |
International Centre for Research in Agroforestry, Southeast Asian Regional Research Programme, |
| Year of publication |
1999. |
| 300 ## - PHYSICAL DESCRIPTION |
| Number of Pages |
vi, 167 p. : |
| Other physical details |
ill. ; |
| Dimensions |
21 cm. |
| 500 ## - GENERAL NOTE |
| General note |
"The content of this manual was drawn primarily from materials presented at the International Workshop on Agroforestry Innovations for Imperata Grassland Rehabilitation, held on January 23-27, 1995, in Banjarmasin, Indonesia, and from documented experience with Assisted Natural Regeneration in the Philippines"--P. iii. |
| 650 #0 - SUBJECT ADDED ENTRY--TOPICAL TERM |
| Topical Term |
Imperata. |
| 650 #0 - SUBJECT ADDED ENTRY--TOPICAL TERM |
| Topical Term |
Agroforestry. |
| 700 1# - ADDED ENTRY--PERSONAL NAME |
| Personal name |
Drilling, M. Elmo. |
| 700 1# - ADDED ENTRY--PERSONAL NAME |
| Personal name |
Garrity, Dennis P. |
| 710 2# - ADDED ENTRY--CORPORATE NAME |
| Corporate name or jurisdiction name as entry element |
International Centre for Research in Agroforestry. |
| 942 ## - ADDED ENTRY ELEMENTS (KOHA) |
| Koha item type |
សៀវភៅភាសាអង់គ្លេស |
| 952 ## - LOCATION AND ITEM INFORMATION (KOHA) |
| Withdrawn status [LOCAL, KOHA] |
0 |
| 952 ## - LOCATION AND ITEM INFORMATION (KOHA) |
| Withdrawn status [LOCAL, KOHA] |
0 |
| 952 ## - LOCATION AND ITEM INFORMATION (KOHA) |
| Withdrawn status [LOCAL, KOHA] |
0 |
| 952 ## - LOCATION AND ITEM INFORMATION (KOHA) |
| Withdrawn status [LOCAL, KOHA] |
0 |
| 952 ## - LOCATION AND ITEM INFORMATION (KOHA) |
| Withdrawn status [LOCAL, KOHA] |
0 |